Gaming Quiz

Random Gaming Quiz

Lunar Chronicles factoids Quiz Stats

 Plays Quiz not verified by Sporcle

Challenge
Share
Tweet
Embed
Score 0/7 Timer 10:00
0 Plays Today
Hint Answer % Correct
Did Wolf have wolf ears?no
92.7%
Which arm was Cinder's cyborg arm?left
92%
Levana's sisterChannary
83.9%
How did Peony die?letumosis
65.7%
Cinder's fatherunknown
43.8%
Cress's eye colorsky blue
23.4%
Why was Thorne blind?the crash on Earth
7.3%

You're not logged in!

Compare scores with friends on all Sporcle quizzes.
Join for Free
OR
Log In

You Might Also Like...

Show Comments

Extras

Created May 30, 2017ReportNominate
Tags:cactoid, chronicle, lunar

Top Quizzes Today


Score Distribution

Your Account Isn't Verified!

In order to create a playlist on Sporcle, you need to verify the email address you used during registration. Go to your Sporcle Settings to finish the process.

Report this User

Report this user for behavior that violates our Community Guidelines.

Details: